000 00506nam a2200205Ia 4500
005 20240408104238.0
008 131103s9999 xx 000 0 und d
040 _aLoreto College
041 _aEnglish
082 _a425
_bBAR
100 _aBartley, J.O
245 2 _aA guide to english composition
_cJ.O.Bartley & G.C.Bannerjee
250 _a5th ed.
260 _aLondon
_bOUP
_c1965
300 _a241p
650 _aEnglish grammar
700 _aBanerjee, G.C.
850 _aLCBED
942 _cBK
999 _c27977
_d78456